[Event "Fincas Mediterranea 1st"]
[Site "Castelldefels"]
[Date "2004.08.23"]
[Round "6"]
[White "Osuna Munoz, Xavier"]
[Black "Castell Pagan, Raul"]
[Result "1-0"]
[WhiteElo "2107"]
[BlackElo "1981"]
[PlyCount "59"]
[EventDate "2004.08.18"]
[EventType "swiss"]
[EventRounds "9"]
[EventCountry "ESP"]
[SourceTitle "EXT 2005"]
[Source "ChessBase"]
[SourceDate "2004.11.15"]
[SourceVersion "1"]
[SourceVersionDate "2004.11.15"]
[SourceQuality "1"]

1. e4 c5 2. Nc3 Nc6 3. f4 g6 4. Nf3 e6 5. Bc4 Nge7 6. d3 d5 7. Bb5 Bd7 8. 0-0 Bg7 9. Ne2 0-0 10. c3 a6 11. Ba4 b5 12. Bc2 Qc7 13. Be3 Na5 14. e5 Nb7 15. Qe1 f5 16. Qh4 Qd8 17. Ng5 h6 18. Nh3 Kf7 19. d4 cxd4 20. Bxd4 Nc6 21. Qg3 Nxd4 22. Nxd4 Rc8 23. Nf3 Rg8 24. Nh4 Bf8 25. Bd1 g5 26. fxg5 hxg5 27. Bh5+ Ke7 28. Ng6+ Rxg6 29. Bxg6 g4 30. Qh4# 1-0